00000000nam##2200000za#4500
0019.670079
003CaOODSP
00520210615125244
007ta
008150407|2008||||xxc|||||     f|0| 0 eng|d
020 |a978-0-662-05674-4
040 |aCaOODSP|beng
041 |aeng
041 |afre
043 |an-cn---
0861 |aH128-1/08-535
1101 |aCanada. |bHealth Canada. |bHealthy Environments and Consumer Safety Branch.
24510|aBaby slings and carriers
260 |aOttawa - Ontario : |bHealth Canada. |cc2008.
300 |aEnglish text, [1]p. : |bcoloured illus. ; |c28 cm.
563 |aPamphlet
590 |a08-27|b2008-07-04
7760#|tBaby slings and carriers |w(CaOODSP)9.699664
7760#|tPorte-bébés et porte-bébés en bandoulière |w(CaOODSP)9.643640
792 |tPorte-bébés et porte-bébés en bandoulière |efre|w(CaOODSP)9.670080
986 |aPub: 4518